Football : Classement Bundesliga (2024-2025) - Statistiques

Statistiques générales
  • Ce quiz a été pris 133 fois
  • Le résultat moyen est 8 sur 18
Statistiques - réponses
Position Points Equipes % Correct
1 82 Bayern Munich
99%
2 69 Bayer Leverkusen
91%
4 57 Borussia Dortmund
74%
3 60 Eintracht Francfort
66%
7 51 RB Leipzig
52%
5 55 SC Fribourg
49%
6 52 FSV Mayence
43%
9 50 VFL Stuttgart
39%
15 32 TSG Hoffenheim
37%
13 40 FC Union Berlin
36%
10 45 Borussia Monchengladbach
33%
8 51 Werder Brême
33%
14 32 FC Saint Pauli
32%
18 25 VFL Bochum
31%
11 43 VFL Wolfsbourg
31%
16 29 FC Heidenheim
29%
17 25 Holstein Kiel
28%
12 43 FC Augsbourg
26%
Aucun quiz correspondant
Distribution des résultats
% des personnes avec chaque résultat
Percentile par nombre de réponses
Votre historique - résultats
Vous n’avez pas pris ce quiz